000 01161nkm a2200337 c 4500
003 BLK
005 20180422121124.0
008 180412b bul rap|r|||| r0| ||bulo|
010 _aKNG00175880000
040 _aBLK
041 _aRUS
_cRUS
080 _aЖивопис
_b75
_x(492)
_z75(492)
100 1 _aКузнецов, Юрий Иванович
_eпърви автор
_9387209
139 _aКузнецов, Юрий Иванович
_bК 93
245 1 0 _aГолландская живопись XVII века
_cЮрий Иванович Кузнецов.
257 _aSUN
260 Москва
_bИзобраз. искусство
_c1959
300 _a108 с.
_bил.
_c27 см
380 _a7
500 _aСписък на ил. - Именен указ. - 15 000 тир.
650 4 _aЖивопис, нидерландска
_9305857
651 4 _aХоландия
_9179745
653 _aживопис
653 _aХоландия
653 _aXVII в.
852 _aЦб Гр А ІІ 497
856 4 _qpdf
_u
856 4 _qpdf
_u
942 _cGRA
_n0
944 _aCR
_c27.05.2015
_kКамелия_Данева
944 _aED
_c27.05.2015
_kКамелия_Данева
999 _c211073
_d211073